| 000 | 03544nam a22002657a 4500 | ||
|---|---|---|---|
| 005 | 20260121161732.0 | ||
| 008 | 260121b |||||||| |||| 00| 0 eng d | ||
| 040 | _cAL | ||
| 041 | _akan | ||
| 082 |
_aK894.3 _bTARK |
||
| 100 |
_aTarun Tejpal _9252126 |
||
| 100 |
_9252011 _dತರುಣ್ ತೇಜಪಾಲ್ |
||
| 245 |
_aKama rasayana _b: ಕಾಮರಸಾಯನ |
||
| 260 |
_aBengaluru _bSrushti Publications _c2025 |
||
| 300 |
_axvi,719p _bPB _c23x15.5cm |
||
| 365 |
_2Kannada _aKSCR-000701 _b₹680.00 _c₹ _d₹850.00 _e20% _f13-01-2026 |
||
| 520 | _aKamarasayana" (ಕಾಮರಸಾಯನ) ಎನ್ನುವುದು ತರುಣ್ ಜೆ. ತೇಜ್ಪಾಲ್ ಅವರ ಪ್ರಸಿದ್ಧ ಇಂಗ್ಲಿಷ್ ಕಾದಂಬರಿ "The Alchemy of Desire" ನ ಕನ್ನಡ ಅನುವಾದವಾಗಿದೆ. ಈ ಕಾದಂಬರಿಯು ಕಾಮನೆ, ಪ್ರೇಮ ಮತ್ತು ಮಾನವನ ಆಸೆಗಳ ಸಂಕೀರ್ಣತೆಯನ್ನು ಅನ್ವೇಷಿಸುತ್ತದೆ. ಕಾದಂಬರಿಯ ಸಾರಾಂಶ (Summary) ಕಥಾವಸ್ತು: ಇದು 20ನೇ ಶತಮಾನದ ಅಂತ್ಯದ ಭಾರತದ ಹಿನ್ನೆಲೆಯಲ್ಲಿ ನಡೆಯುವ ಕಥೆ. ಒಬ್ಬ ಬಡ ಬರಹಗಾರ ಮತ್ತು ಅವನ ಸುಂದರಿ ಪತ್ನಿ ಹಿಮಾಲಯದ ತಪ್ಪಲಿನಲ್ಲಿರುವ ಹಳೆಯ ಬಂಗಲೆಗೆ ವಾಸ್ತವ್ಯ ಬದಲಾಯಿಸುತ್ತಾರೆ. ಪತ್ತೆಯಾಗುವ ರಹಸ್ಯ: ಬಂಗಲೆಯ ನವೀಕರಣದ ಸಮಯದಲ್ಲಿ, ಅವರಿಗೆ ಹಳೆಯ ದಿನಚರಿಗಳು (diaries) ಸಿಗುತ್ತವೆ. ಇವು ಒಬ್ಬ ಅಮೇರಿಕನ್ ಮಹಿಳೆಯ ಸಾಹಸಮಯ ಜೀವನ ಮತ್ತು ರಹಸ್ಯಗಳನ್ನು ಒಳಗೊಂಡಿರುತ್ತವೆ. ಬದಲಾಗುವ ಜೀವನ: ಈ ದಿನಚರಿಗಳನ್ನು ಓದುತ್ತಾ ಬರಹಗಾರನು ತನ್ನ ಪತ್ನಿಯಿಂದ ದೂರವಾಗಿ, ಹಳೆಯ ಕಾಲದ ಆ ರಹಸ್ಯ ಲೋಕದಲ್ಲಿ ಮುಳುಗಿಹೋಗುತ್ತಾನೆ. ಇದು ಪ್ರಸ್ತುತ ಜೀವನ ಮತ್ತು ಗತಕಾಲದ ನಡುವಿನ ಸಂಘರ್ಷವನ್ನು ಚಿತ್ರಿಸುತ್ತದೆ. ಥೀಮ್: ಲೈಂಗಿಕತೆ, ಮಹತ್ವಾಕಾಂಕ್ಷೆ ಮತ್ತು ಪ್ರೀತಿಯ ನಡುವಿನ ಅತೀಂದ್ರಿಯ ರಸಾಯನಶಾಸ್ತ್ರವನ್ನು (alchemy) ಈ ಪುಸ್ತಕವು ಅತ್ಯಂತ ಮುಕ್ತವಾಗಿ ಮತ್ತು ಪ್ರಬಲವಾಗಿ ವಿವರಿಸುತ್ತದೆ. ಪುಸ್ತಕದ ಚಿತ್ರಗಳು (Images) ಕನ್ನಡ ಆವೃತ್ತಿಯ ಮುಖಪುಟವು ಮೂಲ ಇಂಗ್ಲಿಷ್ ಆವೃತ್ತಿಯಂತೆಯೇ ಇರುತ್ತದೆ ಅಥವಾ ಪ್ರಾದೇಶಿಕ ವಿನ್ಯಾಸವನ್ನು ಹೊಂದಿರುತ್ತದೆ. 2026ರ ಲಭ್ಯತೆಯ ಪ್ರಕಾರ ಚಿತ್ರಗಳು ಇಲ್ಲಿವೆ: . | ||
| 650 |
_aAlchemy of Desire _9252012 |
||
| 650 |
_aKannada Romantic Novel _9252013 |
||
| 650 |
_aAlchemy of Desire _9252019 |
||
| 650 |
_aTranslated in English to Kannada _9252021 |
||
| 700 |
_aRahu _9252014 |
||
| 700 |
_aರಾಹು tr _9252015 |
||
| 942 |
_2ddc _cBK |
||
| 999 |
_c240804 _d240804 |
||